Eastern Utah Libraries Catalog: Duchesne, Heber, Roosevelt, & Vernal

Dungeon crawler Carl (Record no. 406057)

MARC details
000 -LEADER
fixed length control field 02754pam a2200433 i 4500
001 - CONTROL NUMBER
control field 2024011863
003 - CONTROL NUMBER IDENTIFIER
control field DLC
005 - DATE AND TIME OF LATEST TRANSACTION
control field 20260226132447.0
008 - FIXED-LENGTH DATA ELEMENTS--GENERAL INFORMATION
fixed length control field 240322t20242024nyu 000 1 eng
010 ## - LIBRARY OF CONGRESS CONTROL NUMBER
LC control number 2024011863
020 ## - INTERNATIONAL STANDARD BOOK NUMBER
International Standard Book Number 9780593820247
Qualifying information (hardcover)
020 ## - INTERNATIONAL STANDARD BOOK NUMBER
International Standard Book Number 9780593820254 : paperback
Qualifying information 20.00
035 ## - SYSTEM CONTROL NUMBER
System control number (OCoLC)1454356351
040 ## - CATALOGING SOURCE
Original cataloging agency DLC
Language of cataloging eng
Description conventions rda
Transcribing agency DLC
Modifying agency TnLvILS
042 ## - AUTHENTICATION CODE
Authentication code pcc
050 00 - LIBRARY OF CONGRESS CALL NUMBER
Classification number PS3604.I49
Item number D86 2024
082 00 - DEWEY DECIMAL CLASSIFICATION NUMBER
Classification number F Dinniman
Edition number F Dinniman
092 ## - LOCALLY ASSIGNED DEWEY CALL NUMBER (OCLC)
Classification number Fic
100 1# - MAIN ENTRY--PERSONAL NAME
Personal name Dinniman, Matt,
Relator term author.
9 (RLIN) 6493149
245 10 - TITLE STATEMENT
Title Dungeon crawler Carl
250 ## - EDITION STATEMENT
Edition statement First Ace edition.
264 #1 - Production, Publication, Distribution, Manufacture, and Copyright Notice.
Place of production, publication, distribution, manufacture New York :
Name of producer, publisher, distributor, manufacturer Ace,
Date of production, publication, distribution, manufacture, or copyr [2024]
264 #4 - Production, Publication, Distribution, Manufacture, and Copyright Notice.
Date of production, publication, distribution, manufacture, or copyr ©2023
Place of production, publication, distribution, manufacture New York :
Name of producer, publisher, distributor, manufacturer Ace,
300 ## - PHYSICAL DESCRIPTION
Extent 464 pages ;
Dimensions 24 cm.
336 ## - Content Type
Content type term text
337 ## - Media type
Media type term unmediated
338 ## - Carrier type
Carrier type term volume
490 0# - SERIES STATEMENT
Series statement Dungeon crawler Carl
Volume number/sequential designation #1
520 ## - SUMMARY, ETC.
Summary, etc "The apocalypse will be televised! A man. His ex-girlfriend's cat. A sadistic game show unlike anything in the universe: a dungeon crawl where survival depends on killing your prey in the most entertaining way possible. In a flash, every human-erected construction on Earth - from Buckingham Palace to the tiniest of sheds - collapses in a heap, sinking into the ground. The buildings and all the people inside have all been atomized and transformed into the dungeon: an 18-level labyrinth filled with traps, monsters, and loot. A dungeon so enormous, it circles the entire globe. Only a few dare venture inside. But once you're in, you can't get out. And what's worse, each level has a time limit. You have but days to find a staircase to the next level down, or it's game over. In this game, it's not about your strength or your dexterity. It's about your followers, your views. Your clout. It's about building an audience and killing those goblins with style. You can't just survive here. You gotta survive big. You gotta fight with vigor, with excitement. You gotta make them stand up and cheer. And if you do have that "it" factor, you may just find yourself with a following. That's the only way to truly survive in this game - with the help of the loot boxes dropped upon you by the generous benefactors watching from across the galaxy. They call it Dungeon Crawler World. But for Carl, it's anything but a game"--
650 #0 - SUBJECT ADDED ENTRY--TOPICAL TERM
Topical term or geographic name as entry element Prisons
Form subdivision Fiction.
9 (RLIN) 5702689
650 #0 - SUBJECT ADDED ENTRY--TOPICAL TERM
Topical term or geographic name as entry element Video games
Form subdivision Fiction.
9 (RLIN) 5684848
650 #0 - SUBJECT ADDED ENTRY--TOPICAL TERM
Topical term or geographic name as entry element End of the world
Form subdivision Fiction.
9 (RLIN) 5676143
655 #7 - INDEX TERM--GENRE/FORM
Genre/form data or focus term LitRPG (Fiction)
Source of term lcgft.
9 (RLIN) 6493150
655 #7 - INDEX TERM--GENRE/FORM
Genre/form data or focus term Fantasy fiction.
Source of term lcgft.
655 #7 - INDEX TERM--GENRE/FORM
Genre/form data or focus term Novels.
Source of term lcgft.
906 ## - LOCAL DATA ELEMENT F, LDF (RLIN)
a 7
b cbc
c orignew
d 1
e ecip
f 20
g y-gencatlg
942 ## - ADDED ENTRY ELEMENTS (KOHA)
Source of classification or shelving scheme Dewey Decimal Classification
Koha item type BOOK
Holdings
Withdrawn status Lost status Source of classification or shelving scheme Damaged status Not for loan Collection code Home library Current library Shelving location Date acquired Source of acquisition Serial Enumeration / chronology Total Checkouts Total Renewals Full call number Barcode Checked out Date last seen Date checked out Cost, replacement price Price effective from Koha item type
    Dewey Decimal Classification     Fiction Wasatch County Library Wasatch County Library First Floor 04/03/2025   #1 Dungeon Crawler Carl 10 8 F Dinniman 34301002113316 04/17/2026 02/18/2026 02/18/2026 30.00 04/03/2025 BOOK
This project was made possible through a grant from the Institute of Museum and Library Service administered by the Utah State Library Division.

Wasatch County Library

  • 465 East 1200 South, Heber City, Utah 84032
  • Phone 435-654-1511 | Fax 435-654-6456

Hours

  • Monday - Friday 9:30 AM - 8:00 PM
  • Saturday 9:30 AM - 1:30 PM
  • Closed Sundays and Holidays